01250 2200217 4500001002100000005001500021035002000036035002000056245009200076100001200168250001700180300003200197700001200229700001600241260003100257082000800288084001400296020002200310650001400332520068600346INLIS00000000000013320240508082356 a0010-0524000055 a0010-05240000531 aSalam 5 in 1 :buntuk MI Kelas III Semester 1 Jilid 3A /cSuyanto; Turmudi; Abd. Rokhim0 aSuyanto acetakan ke-1 ax, 214 hlm :bilus ;c26 cm0 aTurmudi0 aAbd. Rokhim aJakarta :bErlangga,c2021 a297 a297 SUY s a978-623-266-313-8 4aPengayaan aBuku Salam 5 in 1 diperuntukkan untuk peserta didik Madrasah Ibtidaiyah (MI) yang terdiri dari empat mata pelajaran, yaitu Al-Qur'an dan Hadits, Aqidah dan Akhlak, Fiqih, dan Bahasa Arab. Buku ini dilengkapi dengan ringkasan materi, berbagai soal latihan, skala sikap, dan penilaian harian. Buku ini dibagi ke dalam dua semester, yaitu jilid A untuk semester ganjil dan jilid B untuk semester genap. Buku ini disusun mengacu pada Keputusan Menteri Agama (KMA) No. 183 Tahun 2019. Buku ini dapat menjadi buku pegangan bagi peserta didik maupun guru dalam proses belajar mengajar. Dengan adanya buku ini diharapkan proses belajar mengajar menjadi lebih menyenangkan dan terarah